<?xml version="1.0" encoding="UTF-8"?>
<collection xmlns="http://www.loc.gov/MARC21/slim">
 <record>
  <leader>05377nam a2200349 a 4500</leader>
  <controlfield tag="001">kal3771</controlfield>
  <controlfield tag="003">Gr-AtHEAL</controlfield>
  <controlfield tag="005">20160422084550.0</controlfield>
  <controlfield tag="006">m        d        </controlfield>
  <controlfield tag="008">160413s2015    gr      s           gre|c</controlfield>
  <datafield tag="020" ind1=" " ind2=" ">
   <subfield code="a">9789606031892</subfield>
  </datafield>
  <datafield tag="040" ind1=" " ind2=" ">
   <subfield code="a">GR-AtHEAL</subfield>
   <subfield code="b">gre</subfield>
   <subfield code="c">GR-AtHEAL</subfield>
  </datafield>
  <datafield tag="082" ind1="0" ind2="4">
   <subfield code="a">796.342</subfield>
   <subfield code="2">23</subfield>
  </datafield>
  <datafield tag="100" ind1="1" ind2=" ">
   <subfield code="a">Γρίβας, Νικόλαος.</subfield>
   <subfield code="8">564</subfield>
  </datafield>
  <datafield tag="245" ind1="1" ind2="0">
   <subfield code="a">Αντισφαίριση</subfield>
   <subfield code="h">[Ηλεκτρονικός πόρος] </subfield>
   <subfield code="b">Τεχνική-τακτική- ασκησιολόγιο-κανονισμοί</subfield>
   <subfield code="c">Γρίβας, Νικόλαος ; Κριτικός αναγνώστης,Μάντης, Κωνσταντίνος ; Γραφιστική επιμέλεια,Μαργαριτούλη, Ελένη ; Γλωσσική επιμέλεια,Καλλιάρας, Δημήτρης.</subfield>
  </datafield>
  <datafield tag="260" ind1=" " ind2=" ">
   <subfield code="a">Αθήνα :</subfield>
   <subfield code="b">Σύνδεσμος Ελληνικών Ακαδημαϊκών Βιβλιοθηκών,</subfield>
   <subfield code="c">c2015.</subfield>
  </datafield>
  <datafield tag="490" ind1=" " ind2=" ">
   <subfield code="a">Ακαδημαϊκά Ηλεκτρονικά Συγγράμματα και Βοηθήματα Κάλλιπος</subfield>
   <subfield code="8">40</subfield>
  </datafield>
  <datafield tag="520" ind1=" " ind2=" ">
   <subfield code="a">Το βιβλίο ΑΝΤΙΣΦΑΙΡΙΣΗ - τεχνική, τακτική, ασκησιολόγιο, κανονισμοί, καλύπτει ένα σημαντικό εύρος θεμάτων απαραίτητων για τον φοιτητή, αλλά και τον σημερινό ή μελλοντικό προπονητή, των Ελληνικών ΤΕΦΑΑ. Τα περισσότερα βιβλία που χρησιμοποιούνται σήμερα στο Ελληνικό Πανεπιστήμιο καλύπτουν μέρος μόνο της σχετικής θεματολογίας ενός αθλητικού αντικειμένου. Το συγκεκριμένο βιβλίο προσεγγίζει το άθλημα της Αντισφαίρισης περισσότερο ολικά και σαφώς πιο πρακτικά, ανταποκρινόμενο στις ανάγκες των εκπαιδευομένων για θεωρητική γνώση και τη σύνδεση της με την πρακτική εξάσκηση, αλλά και στην ανάγκη για προσαρμογή του τρόπου διδασκαλίας στα σύγχρονα δεδομένα. Στη θεματολογία του βιβλίου περιλαμβάνεται ένα ευρύτατο φάσμα θεμάτων, από την γνωριμία με την ιστορία, τα ιδιαίτερα χαρακτηριστικά και τους κανονισμούς του αθλήματος και την μεθοδολογία της διδασκαλίας του μέχρι την περιγραφή της τεχνικής των κτυπημάτων, την εξέταση της τακτικής του παιγνιδιού και την παροχή μεγάλου αριθμού ασκήσεων απαραίτητων κατά την εκπαιδευτική και προπονητική διαδικασία. Στόχος του βιβλίου είναι η παρουσίαση με απλό και κατανοητό τρόπο όσο το δυνατόν περισσότερων πλευρών του αθλήματος ώστε να καλύψει επαρκώς το γνωστικό αντικείμενο της Αντισφαίρισης στα ΤΕΦΑΑ. Παράλληλα φιλοδοξεί να αποτελέσει ισχυρή βάση για την μελλοντική διεύρυνση των γνώσεων και ικανοτήτων για όσους επιθυμούν να ειδικευτούν στην προπονητική του αθλήματος. Πιστεύω ότι το βιβλίο αυτό εκπληρώνει τον εκπαιδευτικό του ρόλο αλλά και αποτελεί ένα ιδιαίτερα χρήσιμο εγχειρίδιο για τους φοιτητές, και όχι μόνο, των Ελληνικών ΑΕΙ με σκοπό την αύξηση των γνώσεων αλλά και τη βελτίωση της καθημερινής πρακτικής τους είτε βρίσκονται στον χώρο της εκπαίδευσης, είτε στο γήπεδο του τένις.</subfield>
  </datafield>
  <datafield tag="650" ind1=" " ind2="0">
   <subfield code="a">Tennis </subfield>
   <subfield code="x">Training</subfield>
   <subfield code="8">2172</subfield>
  </datafield>
  <datafield tag="653" ind1=" " ind2=" ">
   <subfield code="a">Κανονισμοί</subfield>
  </datafield>
  <datafield tag="653" ind1=" " ind2=" ">
   <subfield code="a">Ασκησιολόγιο</subfield>
  </datafield>
  <datafield tag="653" ind1=" " ind2=" ">
   <subfield code="a">Τακτική</subfield>
  </datafield>
  <datafield tag="653" ind1=" " ind2=" ">
   <subfield code="a">Τεχνική</subfield>
  </datafield>
  <datafield tag="653" ind1=" " ind2=" ">
   <subfield code="a">Αντισφαίριση</subfield>
  </datafield>
  <datafield tag="653" ind1=" " ind2=" ">
   <subfield code="a">Επιστήμες της ζωής</subfield>
   <subfield code="a">Αθλητική επιστήμη/επιστήμη φυσικής αγωγής και αθλητισμού</subfield>
   <subfield code="a">Διδακτική φυσικής αγωγής</subfield>
  </datafield>
  <datafield tag="653" ind1=" " ind2=" ">
   <subfield code="a">Επιστήμες της ζωής</subfield>
   <subfield code="a">Αθλητική επιστήμη/επιστήμη φυσικής αγωγής και αθλητισμού</subfield>
  </datafield>
  <datafield tag="700" ind1="1" ind2=" ">
   <subfield code="a">Μάντης, Κωνσταντίνος</subfield>
   <subfield code="e">Κριτικός αναγνώστης</subfield>
   <subfield code="8">565</subfield>
  </datafield>
  <datafield tag="856" ind1="4" ind2="0">
   <subfield code="u">http://hdl.handle.net/11419/3771</subfield>
   <subfield code="z">Πλήρες Κείμενο - Full text</subfield>
  </datafield>
  <datafield tag="907" ind1=" " ind2=" ">
   <subfield code="a">.b25680201</subfield>
   <subfield code="b">12-06-18</subfield>
   <subfield code="c">29-07-16</subfield>
  </datafield>
  <datafield tag="949" ind1=" " ind2=" ">
   <subfield code="0">0</subfield>
   <subfield code="1">0</subfield>
   <subfield code="2">ddc</subfield>
   <subfield code="4">0</subfield>
   <subfield code="6">796_342000000000000_ΓΡΙ</subfield>
   <subfield code="7">0</subfield>
   <subfield code="8">KALL</subfield>
   <subfield code="8">779</subfield>
   <subfield code="d">2016-04-13</subfield>
   <subfield code="r">2016-04-13</subfield>
   <subfield code="w">2016-04-13</subfield>
   <subfield code="z">796.342 ΓΡΙ</subfield>
   <subfield code="o">SEAB KALLIPOS</subfield>
  </datafield>
  <datafield tag="998" ind1=" " ind2=" ">
   <subfield code="a">80</subfield>
   <subfield code="a">01</subfield>
   <subfield code="a">02</subfield>
   <subfield code="a">03</subfield>
   <subfield code="a">04</subfield>
   <subfield code="a">05</subfield>
   <subfield code="a">06</subfield>
   <subfield code="a">07</subfield>
   <subfield code="a">08</subfield>
   <subfield code="a">09</subfield>
   <subfield code="a">10</subfield>
   <subfield code="a">11</subfield>
   <subfield code="a">12</subfield>
   <subfield code="a">13</subfield>
   <subfield code="a">14</subfield>
   <subfield code="a">15</subfield>
   <subfield code="a">16</subfield>
   <subfield code="a">17</subfield>
   <subfield code="a">18</subfield>
   <subfield code="a">19</subfield>
   <subfield code="a">20</subfield>
   <subfield code="a">21</subfield>
   <subfield code="a">22</subfield>
   <subfield code="a">23</subfield>
   <subfield code="a">24</subfield>
   <subfield code="a">25</subfield>
   <subfield code="a">26</subfield>
   <subfield code="b">16-05-17</subfield>
   <subfield code="c">m</subfield>
   <subfield code="d">z  </subfield>
   <subfield code="e">-</subfield>
   <subfield code="f">gre</subfield>
   <subfield code="g">gr </subfield>
   <subfield code="h">0</subfield>
  </datafield>
  <datafield tag="942" ind1=" " ind2=" ">
   <subfield code="2">ddc</subfield>
   <subfield code="c">KALLIPOS</subfield>
  </datafield>
 </record>
</collection>
